Akumulácia chladu pre účely zvyšovania energetickej efektívnosti klimatizačných systémov. Možnosti prírodných zdrojov chladu pre klimatizáciu.

Guardado en:
Detalles Bibliográficos
Autor principal: Blaško, Ján (Autor)
Otros Autores: Masaryk, Michal (Orientador)
Formato: Manuscrito Libro
Lenguaje:eslovaco
Publicado: 2015
Materias:
Acceso en línea:http://is.stuba.sk/zp/portal_zp.pl?podrobnosti=112839
Etiquetas: Agregar Etiqueta
Sin Etiquetas, Sea el primero en etiquetar este registro!

MARC

LEADER 00000ntm a22000003a 4500
001 stuzp52639
003 SK-STU
005 20160719154232.4
007 ta
008 150427s2015----xo-----f-mn---000-0-slo-d
040 |a STU  |b slo 
041 0 |a slo 
100 1 |a Blaško, Ján  |u 020060  |4 aut  |U SjF Strojnícka fakulta  |T SjF Ústav tepelnej energetiky  |X 66849  |U J0060  |Y 805  |7 A000066849 
242 0 1 |a The coldness accumulation for the purpose of increasing the air condition systems power effectiveness. Options of natural coldness sources for air condition.  |y eng 
245 1 0 |a Akumulácia chladu pre účely zvyšovania energetickej efektívnosti klimatizačných systémov. Možnosti prírodných zdrojov chladu pre klimatizáciu. 
260 |c 2015 
650 4 |a akumulátor  |2 slo 
650 4 |a PCM materiál  |2 slo 
650 4 |a skupenstvo  |2 slo 
650 4 |a chladenie  |2 slo 
650 4 |a cooling  |2 eng 
650 4 |a PCM´s  |2 eng 
650 4 |a physical state  |2 eng 
650 4 |a accumulator  |2 eng 
700 1 |a Masaryk, Michal  |4 ths  |X 3392  |7 A000003392 
856 4 |u http://is.stuba.sk/zp/portal_zp.pl?podrobnosti=112839 
996 |b 284J043734  |c J* 2024/DP  |l JJSK  |s A  |a 24  |w stuzp52639_0001 
SQL |a stuzp52639  |b DDP  |c SLO  |d Akumulácia chladu pre účely zvyšovania energetickej efektívnosti klimatizačných systémov. Možnosti prírodných zdrojov chladu pre klimatizáciu.  |e 66849  |f Blaško, Ján  |g 020060  |h 3392  |i Masaryk, Michal  |j 20150617  |k 61  |l 02  |m http://is.stuba.sk/zp/portal_zp.pl?podrobnosti=112839  |n I-TESZ  |o 5.2.29. energetika